[Event "Julian Mazur Memorial"]
[Site "Wellington Chess Club"]
[Date "2018.08.09"]
[Round "4.10"]
[White "He, Caleb"]
[Black "Laking, Robert"]
[Result "0-1"]
[WhiteElo "1823"]
[BlackElo "2014"]

1. e4 c5 2. Nf3 e6 3. d4 cxd4 4. Nxd4 Nc6 { B44 Sicilian Defense: Paulsen
Variation } 5. c4 Qc7 $6 { (0.00 ? 0.52) Inaccuracy. Best move was Nf6. }  (
5... Nf6 6. Nc3 Bb4 7. Nxc6 bxc6 8. Bd3 e5 9. Bd2 d6 10. O-O) 6. Nc3 Nf6 7. f3
Bb4 8. Nxc6 $6 { (0.50 ? -0.24) Inaccuracy. Best move was Nb5. }  (8. Nb5 Qb8
9. a3 Be7 10. Be2 O-O 11. Be3 a6 12. Nd4 Bd6) 8... Bxc3+ 9. bxc3 Qxc6 $2 {
(0.10 ? 1.84) Mistake. Best move was dxc6. }  (9... dxc6 10. c5) 10. Bg5 $2 {
(1.84 ? 0.08) Mistake. Best move was e5. }  (10. e5 Ng8 11. Ba3 Ne7 12. Bd3 h6
13. Qe2 Qa4 14. Bd6 Nf5 15. Bxf5 exf5 16. O-O b6) 10... b6 11. Qd4 Ba6 12. Bxf6
gxf6 13. Qxf6 Rg8 14. Qd4 Rc8 15. Kf2 Bxc4 16. Bxc4 Qxc4 17. Qxc4 Rxc4 18. Rac1
Ke7 19. Rhd1 Rgc8 20. Rd3 Ra4 21. Rc2 Ra3 22. Ke3 Rc4 23. g4 b5 24. Kf4 d5 25.
Ke3 $2 { (-0.60 ? -1.62) Mistake. Best move was Rd4. }  (25. Rd4) 25... dxe4
26. fxe4 Kf6 27. Rf2+ Kg6 28. Rc2 Rca4 $6 { (-1.95 ? -1.05) Inaccuracy. Best
move was f6. }  (28... f6 29. h4 e5 30. Rd6 b4 31. Rd3 Ra4 32. Kf3 h5 33. gxh5+
Kxh5 34. Rd6 Rxc3+ 35. Rxc3) 29. Rdd2 b4 30. Kf4 $6 { (-1.18 ? -1.84)
Inaccuracy. Best move was h4. }  (30. h4 Rxc3+) 30... Rxc3 31. Rxc3 bxc3 32.
Rc2 Ra3 $6 { (-2.12 ? -1.20) Inaccuracy. Best move was Rc4. }  (32... Rc4 33.
Kf3 Kg5 34. Kg3 Rc8 35. e5 Rc7 36. h4+ Kg6 37. Kf4 h5 38. gxh5+ Kxh5 39. a4)
33. h4 h5 34. g5 f6 35. gxf6 Kxf6 36. Rg2 $6 { (-1.70 ? -2.23) Inaccuracy. Best
move was Ke3. }  (36. Ke3 Ke5 37. Kd3 a5 38. Rc1 Kf4 39. Rg1 Rxa2 40. Kxc3 Rh2
41. Kd4 e5+ 42. Kd5 Rd2+) 36... e5+ 37. Ke3 c2+ 38. Kd2 Rxa2 $2 { (-1.75 ?
-0.13) Mistake. Best move was Rh3. }  (38... Rh3 39. Kxc2 Rxh4 40. Kd3 Rg4 41.
Rf2+ Rf4 42. Rg2 Rf3+ 43. Ke2 Ra3 44. Rf2+ Kg5 45. Rf5+) 39. Rg1 $4 { (-0.13 ?
Mate in 14) Checkmate is now unavoidable. Best move was Rg5. }  (39. Rg5 Ra4
40. Rf5+ Ke6 41. Kxc2 Rxe4 42. Rxh5 a5 43. Rh7 a4 44. h5 Kf5 45. Ra7 Rh4) 39...
c1=Q+ 0-1

[Event "Julian Mazur Memorial"]
[Site "Wellington Chess Club"]
[Date "2018.08.09"]
[Round "4.12"]
[White "Sole, Michael"]
[Black "Darr, Samuel"]
[Result "0-1"]
[WhiteElo "1772"]
[BlackElo "1481"]

1. e4 e6 2. d4 d5 3. Nc3 dxe4 4. Nxe4 Nc6 5. Nf3 Nf6 6. Nxf6+ Qxf6 7. Bg5 Qg6
8. Bd3 f5 9. h4 h6 10. h5 Qf7 11. Bf4 Bd6 12. Bxd6 cxd6 13. Qe2 g6 14. hxg6
Qxg6 15. Nh4 Qg7 16. Nxf5 Qxg2 17. Qh5+ Kd8 18. Nxh6 $4 (18. Nxd6) 18... Kc7
19. c3 e5 20. O-O-O Qxf2 21. Qg6 exd4 22. Nf7 dxc3 23. bxc3 Rxh1 24. Rxh1 Qe3+
25. Kb1 Qe6 26. Qg3 Bd7 27. Rh7 $2 (27. Rh6) 27... Rf8 28. Qg7 Qe1+ 29. Kb2 Re8
30. Nxd6 Qf2+ 31. Kb3 Na5+ 32. Ka3 Qc5+ 33. Kb2 Qxd6 34. Bb5 Qd2+ 35. Ka3 Qd6+
36. Kb2 Nc6 37. Rh6 Qe7 38. Qg6 Ne5 0-1

[Event "Julian Mazur Memorial"]
[Site "Wellington Chess Club"]
[Date "2018.08.09"]
[Round "4.13"]
[White "Rabina, Romeo"]
[Black "He, Paul"]
[Result "0-1"]
[WhiteElo "1695"]
[BlackElo "1507"]

1. Nf3 Nf6 2. d4 c5 3. d5 d6 4. b3 g6 5. Bb2 Bg7 6. e3 Bg4 7. Be2 O-O 8. h3 Bf5
9. O-O Be4 10. c4 Na6 11. Nbd2 Bf5 12. Nh4 Bd7 13. f4 Nxd5 14. Bxg7 Nxe3 15.
Qb1 Nxf1 16. Bxf8 Nxd2 17. Qb2 Qxf8 18. Qxd2 Nc7 19. Rf1 Qh6 20. Qe1 Ne6 21. f5
Qe3+ 22. Kh1 Nd4 23. fxg6 fxg6 24. Bd1 Qxe1 25. Rxe1 Re8 26. Nf3 Nxf3 27. Bxf3
Bc6 28. Bg4 b6 29. Be6+ Kg7 30. Re2 h5 31. Kh2 Rf8 32. h4 Rf4 33. Kg3 Re4 34.
Rxe4 Bxe4 35. Kf2 Kf6 36. Bh3 Bb1 0-1

[Event "Julian Mazur Memorial"]
[Site "Wellington Chess Club"]
[Date "2018.08.09"]
[Round "4.14"]
[White "Rossiter, Philip"]
[Black "Frater, Dylan"]
[Result "1/2-1/2"]
[WhiteElo "1947"]
[BlackElo "1509"]

1. c4 e5 2. Nc3 Nf6 3. g3 Bc5 4. Bg2 d6 5. d3 Nc6 6. Nf3 O-O 7. O-O h6 8. a3 a6
9. b4 Ba7 10. Bb2 Be6 11. Rc1 Qd7 12. Nd2 Bh3 13. Nd5 Nxd5 14. cxd5 Ne7 15. e4
Bxg2 16. Kxg2 b5 17. Nf3 f5 18. Qc2 Rac8 19. d4 fxe4 20. Qxe4 Qf5 21. Qxf5 Rxf5
22. dxe5 dxe5 23. d6 cxd6 24. Nh4 Rf6 25. f4 Rxc1 26. Rxc1 Nd5 27. f5 Ne3+ 28.
Kh3 Nxf5 29. Rc8+ Kh7 30. Nxf5 Rxf5 31. Rc6 d5 32. Rxa6 Bd4 33. Bxd4 exd4 34.
a4 bxa4 35. b5 d3 36. Rxa4 Rf6 37. Rd4 1/2-1/2

[Event "Julian Mazur Memorial"]
[Site "Wellington Chess Club"]
[Date "2018.08.09"]
[Round "4.15"]
[White "Kibblewhite, Daniel"]
[Black "Winfield, Alan"]
[Result "0-1"]
[WhiteElo "1468"]
[BlackElo "1957"]

1. d4 e6 2. e4 d5 3. Nc3 Nf6 4. e5 Nfd7 5. f4 c5 6. Nf3 Nc6 7. Bb5 Qb6 8. Be3
Be7 9. O-O O-O 10. a4 a6 11. a5 Nxa5 12. Be2 Qc7 13. Na4 cxd4 14. Nxd4 Nc4 15.
Bxc4 Qxc4 16. f5 b5 17. Qg4 exf5 18. Rxf5 Nxe5 19. Qf4 Ng6 0-1

[Event "Julian Mazur Memorial"]
[Site "Wellington Chess Club"]
[Date "2018.08.09"]
[Round "4.16"]
[White "Stannard, Bobby"]
[Black "Ashe, Michael"]
[Result "1/2-1/2"]
[WhiteElo "1298"]
[BlackElo "1623"]

1. e4 e6 2. d4 d5 3. e5 c5 4. c3 Nc6 5. Nf3 Qb6 6. Bd3 Bd7 7. dxc5 Bxc5 8. O-O
f6 9. b4 Be7 10. Be3 Qc7 11. exf6 Nxf6 12. a4 a6 13. a5 O-O 14. Bb6 Qb8 15. Qc2
h6 16. Nbd2 e5 17. Be2 Bd6 18. g3 Bc7 19. Bc5 Re8 20. Nh4 Qc8 21. Bf3 Nd8 22.
Qb3 Be6 23. Ng6 Kf7 24. Nh4 Rb8 25. c4 d4 26. b5 axb5 27. Qxb5 Qd7 28. Rfb1 Nc6
29. Bb6 Bxb6 30. axb6 Ne7 31. Ra7 Nc8 32. Qxd7+ Nxd7 33. Bh5+ Ke7 34. Bxe8 Kxe8
35. Ra5 Ncxb6 36. Ng6 Kf7 37. Nxe5+ Nxe5 38. Rxe5 Nxc4 39. Rxe6 Nxd2 40. Rbe1
Nf3+ 41. Kf1 Nxe1 42. Rxe1 d3 43. Rd1 Rd8 44. Ke1 Ke6 45. Kd2 Rd5 46. Rc1 Kd6
47. Rc4 b5 48. Rc1 b4 49. Rc4 Rb5 50. Kxd3 b3 51. Rc1 b2 52. Rb1 Kd5 53. f4 g6
54. g4 Rb3+ 55. Kc2 Rb4 56. h3 Ke4 57. f5 gxf5 58. gxf5 Kxf5 59. Rf1+ Kg5 60.
Kb1 h5 61. Rh1 Kh4 62. Rh2 Kg3 63. Rh1 Kg2 64. Rd1 h4 65. Rd3 Kf2 66. Rc3 Ke2
67. Ra3 Kd2 68. Rf3 1/2-1/2

[Event "Julian Mazur Memorial"]
[Site "Wellington Chess Club"]
[Date "2018.08.09"]
[Round "4.18"]
[White "Benitez, Rick"]
[Black "Stannard, Lars"]
[Result "1-0"]
[WhiteElo "1584"]
[BlackElo "1409"]

1. e4 e5 2. Nc3 Nf6 3. d3 Bb4 4. Bd2 Nc6 5. Nf3 d6 6. h3 Be6 7. Be2 Qd7 8. Ng5
h6 9. Nxe6 Qxe6 10. Nb5 Bxd2+ 11. Qxd2 Qd7 12. O-O a6 13. Na3 O-O-O 14. c3 Kb8
15. Nc2 g5 16. b4 Na7 17. Qe3 g4 18. h4 Rdg8 19. g3 h5 20. a4 c6 21. c4 d5 22.
exd5 e4 23. Qf4+ Ka8 24. Qxf6 exd3 25. Bxd3 cxd5 26. c5 Nc6 27. b5 Nb8 28. bxa6
Nc6 29. axb7+ Qxb7 30. Rfb1 Qc7 31. Qd6 Qc8 32. Rb6 Ka7 33. Qxd5 1-0

[Event "Julian Mazur Memorial"]
[Site "Wellington Chess Club"]
[Date "2018.08.16"]
[Round "5.1"]
[White "Nijman, Brian"]
[Black "Croad, Nicolas"]
[Result "0-1"]
[WhiteElo "2162"]
[BlackElo "2431"]
[PlyCount "138"]
[EventDate "2018.??.??"]

1. d4 Nf6 2. Nc3 d5 3. Bg5 Nbd7 4. Qd3 c6 5. Nf3 Qa5 6. Bd2 Qb6 7. O-O-O Ng4 8.
Be1 g6 9. e4 Bh6+ 10. Kb1 dxe4 11. Nxe4 O-O 12. Qa3 Qd8 13. h3 Ngf6 14. Nxf6+
Nxf6 15. Ne5 a5 16. Bc4 Bd7 17. Qb3 b5 18. Bxf7+ Kg7 19. Nxd7 Qxd7 20. Be6 a4
21. Bxd7 axb3 22. Bxc6 Rfc8 23. d5 bxc2+ 24. Kxc2 e6 25. Kb3 Rab8 26. Bc3 exd5
27. Bxd5 Rc5 28. Rhe1 Rf8 29. Re6 Bg5 30. Bf3 Rf7 31. Rdd6 h5 32. Rb6 h4 33.
Kb4 Rf5 34. Rxb5 Rf4+ 35. Kb3 Kh6 36. Bd2 $2 {Missing a tactic which
complicates the result. In defence of the quality of play here both players
were already below 5 minutes.} (36. Rxg5 Kxg5 37. Bd2 Kf5 38. Rxf6+ Rxf6 39.
Bxf4 Kxf4 $16 {was probably good enough for White to win.}) 36... Rxf3+ 37.
gxf3 Bxd2 38. Rbb6 Nd7 39. Rxg6+ Kh7 40. Rbd6 Bf4 41. Rxd7 Rxd7 42. Rg4 Rd3+
43. Kc4 Rxf3 44. Rxh4+ Kg6 45. b4 Rxf2 46. a4 Kg5 47. Rg4+ Kf5 48. a5 Rc2+ 49.
Kb5 Rc3 50. Rxf4+ $6 {This is probably a mistake. Now I was looking for a way
to setup a sacrifice of the rook for the more advanced pawn followed by a
capture of the other by the king, meaning the Black king needs to get in touch
with the b4 pawn, ASAP. Still its hard to judge, the bishop would have been a
good defensive piece also.} Kxf4 51. a6 Rxh3 52. Kc6 Rh6+ {
Side checks force the White king back to the a5 square.} 53. Kb7 Rh7+ 54. Kb6
Rh6+ 55. Ka5 Ke5 56. b5 Kd6 57. a7 Rh1 58. Kb6 (58. b6 Kc5 59. Ka6 Ra1+ 60. Kb7
Kb5 $11 {Also leads to a later game position.}) 58... Ra1 59. Kb7 Kc5 60. b6
Kb5 61. Kc7 Rc1+ $2 {I realised while waiting for a reply that my instinctive
move (which I had seen several moves prior) was a catastauphic error.} ({
Now the game should end in a draw after} 61... Ra6 62. b7 Rxa7 63. Kc8 Rxb7 64.
Kxb7 $11) 62. Kb8 $6 (62. Kd6 {
now is just leading to a tecnically winning queen vs rook endgame.}) 62... Rh1
63. b7 Kb6 {and I guess to both of us this looked very threatening. I know
neither of us realised this is still a trivial win for White.} 64. a8=N+ $4 {
Going from winning to losing. The knight can't escape from the corner and
Black is winning the last pawn.} (64. Ka8 $18 {and that is that.}) 64... Kc6
65. Ka7 Ra1+ 66. Kb8 Rb1 67. Ka7 Rxb7+ 68. Ka6 Rb1 69. Ka7 Rb2 0-1

[Event "Julian Mazur Memorial"]
[Site "Wellington Chess Club"]
[Date "2018.08.16"]
[Round "5.3"]
[White "Dive, Russell"]
[Black "Stoeveken, Peter"]
[Result "1-0"]
[WhiteElo "2425"]
[BlackElo "1822"]

1. Nf3 Nf6 2. c4 g6 3. g3 Bg7 4. Bg2 d6 5. O-O O-O 6. d4 Nc6 7. Nc3 a6 8. h3
Rb8 9. a4 Bd7 10. a5 Qc8 11. Kh2 e5 12. d5 Ne7 13. e4 Nh5 14. Ne1 f5 15. exf5
Nf6 16. fxg6 Nxg6 17. Bg5 Bf5 18. Qd2 Qe8 19. Nc2 Bd7 20. b4 Ne7 21. Rae1 Qg6
22. f4 h6 23. fxe5 hxg5 24. exf6 Bxf6 25. Ne4 Nf5 26. Nxf6+ Rxf6 27. Nd4 Rbf8
28. Ne6 Bxe6 29. dxe6 Rxe6 30. Rxe6 Qxe6 31. Bd5 1-0

[Event "Julian Mazur Memorial"]
[Site "Wellington Chess Club"]
[Date "2018.08.16"]
[Round "5.4"]
[White "Sellen, Ian"]
[Black "Stone, Andrew"]
[Result "0-1"]
[WhiteElo "2041"]
[BlackElo "2087"]

1. c4 Nf6 2. Nc3 c5 3. e4 Nc6 4. Nf3 d6 5. h3 e6 6. Bd3 Be7 7. O-O O-O 8. Bc2
b6 9. d3 Bb7 10. Bg5 Re8 11. Re1 Rc8 12. Ba4 Nd7 13. Be3 Bf6 14. Qd2 a6 15.
Rab1 Qc7 16. a3 Red8 17. Bg5 Nd4 18. Bd1 Bxg5 19. Qxg5 Ne5 20. Nxd4 cxd4 21.
Ne2 Nxd3 22. Nf4 Nxe1 23. Nh5 f6 24. Nxf6+ Kh8 25. Nxh7 Kxh7 26. Qh4+ Kg8 27.
Bg4 Qf7 28. Bh5 Qf6 0-1

[Event "Julian Mazur Memorial"]
[Site "Wellington Chess Club"]
[Date "2018.08.16"]
[Round "5.5"]
[White "Winter, Ryan"]
[Black "Nyberg, Michael"]
[Result "1/2-1/2"]
[WhiteElo "2129"]
[BlackElo "2114"]

1. e4 g6 2. d4 b6 3. f4 Bb7 4. Nc3 Bg7 5. Nf3 c5 6. Be3 cxd4 7. Nxd4 Nf6 8. e5
Ne4 9. Qf3 Nc5 10. Qe2 Nc6 11. O-O-O Nxd4 12. Bxd4 Ne6 13. Be3 Rc8 14. Qf2 Rxc3
15. bxc3 Qc7 16. Bb5 Bc6 17. Qe2 Bxb5 18. Qxb5 O-O 19. g4 Qxc3 20. Qb3 Qc7 21.
Rhe1 Rc8 22. h4 Nc5 23. Qc4 Qb7 24. Bxc5 Rxc5 25. Qe4 Rc6 26. Qd3 d6 27. h5 Qc8
28. hxg6 hxg6 29. e6 Rc3 30. exf7+ Kxf7 31. Qe2 Rc7 32. f5 gxf5 33. gxf5 Qxf5
34. Rf1 Bh6+ 35. Kb1 Bf4 36. Qd3 Qg5 37. Rxf4+ Qxf4 38. Rf1 Qf6 39. Qh7+ Ke6
40. Qg8+ Ke5 41. Rxf6 Kxf6 42. Kc1 Rc5 43. Qb8 Ra5 44. Qh8+ Ke6 45. Qc8+ Kd5
46. Qb7+ Ke6 47. Qc8+ 1/2-1/2

[Event "Julian Mazur Memorial"]
[Site "Wellington Chess Club"]
[Date "2018.08.16"]
[Round "5.6"]
[White "Darr, Samuel"]
[Black "Benitez, Edgar"]
[Result "0-1"]
[WhiteElo "1481"]
[BlackElo "2006"]

1. e4 e5 2. Nf3 Nc6 3. c3 Nf6 4. d4 d6 5. d5 Nb8 6. Bg5 Be7 7. Bxf6 Bxf6 8.
Nbd2 O-O 9. Be2 g6 10. Qa4 Nd7 11. c4 Nc5 12. Qc2 a5 13. O-O Bg7 14. h3 f5 15.
Rfe1 fxe4 16. Nxe4 Bf5 17. Bd3 Bxe4 18. Bxe4 Rf4 19. a3 b6 20. b4 axb4 21. g3
b3 22. Qb1 Rf8 23. Nd2 Qf6 24. Rf1 Ra4 25. Bf3 Bh6 26. Ne4 Qxf3 27. Nxc5 bxc5
28. Qb2 Rxc4 29. Rad1 Rc2 0-1

[Event "Julian Mazur Memorial"]
[Site "Wellington Chess Club"]
[Date "2018.08.16"]
[Round "5.7"]
[White "Farrington, Lawrence"]
[Black "He, Paul"]
[Result "0-1"]
[WhiteElo "1763"]
[BlackElo "1507"]

1. e4 c5 2. c3 d5 3. exd5 Qxd5 4. d4 cxd4 5. Nf3 Bg4 6. Be2 d3 7. Qxd3 Qxd3 8.
Bxd3 Bxf3 9. gxf3 Nf6 10. Be3 Nc6 11. Bb5 a6 12. Bxc6+ bxc6 13. Nd2 e6 14. Rd1
Rb8 15. Nc4 Nd5 16. Rd2 Nb4 17. a3 Nd5 18. O-O Be7 19. Ne5 c5 20. Nc6 Rc8 21.
Nxe7 Kxe7 22. Rfd1 c4 23. Re1 Rhd8 24. Red1 Rb8 25. Kg2 Rd7 26. Kg3 Rdb7 27.
Bc5+ Kd7 28. Bb4 a5 29. Bxa5 Rxb2 30. Bb4 Rxd2 31. Rxd2 Kc6 32. Rd4 Kb5 33. f4
f5 34. Rd1 g6 35. h4 Ka4 36. Re1 Re8 37. Rb1 e5 38. fxe5 Rxe5 39. Rd1 Kb3 40.
Rxd5 Rxd5 41. Kf4 h6 42. Ke3 Rd3+ 43. Ke2 Rh3 44. f3 Rxh4 45. Ke3 g5 46. Kd2
Rf4 47. Ke3 h5 48. Bd6 Kxc3 49. Bxf4 gxf4+ 50. Kxf4 Kb3 51. Kxf5 c3 52. Kg5 c2
53. Kxh5 c1=Q 54. Kg4 Qg1+ 55. Kf5 Kxa3 56. f4 Kb4 57. Ke6 Qe3+ 58. Kf5 Kc5 59.
Kg5 Qg3+ 60. Kf5 Kd6 61. Ke4 Qg6+ 62. Kf3 Qf5 63. Ke3 Kd5 0-1

[Event "Julian Mazur Memorial"]
[Site "Wellington Chess Club"]
[Date "2018.08.16"]
[Round "5.8"]
[White "Winfield, Alan"]
[Black "Benitez, Rick"]
[Result "1-0"]
[WhiteElo "1957"]
[BlackElo "1584"]

1. d4 d5 2. Bf4 Nf6 3. e3 g6 4. Nc3 Bg7 5. f3 Nc6 6. Nb5 O-O 7. Nxc7 e5 8. dxe5
Qxc7 9. exf6 Qa5+ 10. Qd2 Qxd2+ 11. Kxd2 Bxf6 12. c3 Bf5 13. g4 Be6 14. Ne2 a6
15. Nd4 Rac8 16. Bd3 Rfe8 17. g5 Bg7 18. h4 b5 19. a3 Bd7 20. h5 Be5 21. hxg6
fxg6 22. Bh2 Na5 23. Rae1 Bg7 24. Bg1 Bxd4 25. exd4 Rf8 26. Re7 Bf5 27. Bxf5
Rxf5 28. Rhxh7 Rc6 29. Bh2 Nc4+ 30. Ke2 Rxg5 31. b3 Nxa3 32. Be5 Rh5 33. Rhg7+
Kf8 34. Rb7 Re6 35. Rgc7 Nc2 36. Kd2 Na1 37. Rc8+ Re8 38. Bg7+ 1-0

[Event "Julian Mazur Memorial"]
[Site "Wellington Chess Club"]
[Date "2018.08.16"]
[Round "5.10"]
[White "Brockway, Andrew"]
[Black "Hall, Nathan"]
[Result "1-0"]
[WhiteElo "1867"]
[BlackElo "1863"]

1. e4 e6 2. d4 d5 3. Nd2 Nc6 4. Bb5 Nf6 5. e5 Nd7 6. Ne2 Be7 7. Nf3 f6 8. Nf4
Nb6 9. exf6 Bxf6 10. Ne5 Bd7 11. Qh5+ g6 12. Nfxg6 hxg6 13. Qxg6+ Ke7 14. Qf7+
Kd6 15. Nxc6 Bxc6 16. Bf4+ e5 17. dxe5+ Bxe5 18. Qg6+ Kc5 19. b4+ Kxb5 20. Qd3+
Nc4 21. a4+ Ka6 22. Bxe5 b6 23. b5+ Bxb5 24. axb5+ Kb7 25. Bxh8 Qxh8 26. Qxd5+
Kb8 27. O-O Nd6 28. c4 Nb7 29. Rfe1 Nc5 30. Rad1 a5 31. Qc6 1-0

[Event "Julian Mazur Memorial"]
[Site "Wellington Chess Club"]
[Date "2018.08.16"]
[Round "5.12"]
[White "Heyworth, Nicholas"]
[Black "Rossiter, Philip"]
[Result "0-1"]
[WhiteElo "1368"]
[BlackElo "1947"]

1. e4 c5 2. Nc3 Nc6 3. f4 g6 4. Nf3 Bg7 5. Bc4 e6 6. O-O Nge7 7. Qe1 a6 8. a3
O-O 9. Qh4 d5 10. exd5 exd5 11. Ba2 b5 12. d3 Bb7 13. Bd2 Qd7 14. Qf2 Rac8 15.
Qxc5 Nd4 16. Qb6 Nxf3+ 0-1

[Event "Julian Mazur Memorial"]
[Site "Wellington Chess Club"]
[Date "2018.08.16"]
[Round "5.13"]
[White "Zhao, Aiden"]
[Black "Sole, Michael"]
[Result "0-1"]
[WhiteElo "1236"]
[BlackElo "1772"]

1. e4 c5 2. Nf3 e6 3. d4 cxd4 4. Nxd4 a6 5. Nc3 Qc7 6. f3 Nf6 7. Bg5 Be7 8. a3
b5 9. Qd2 Bb7 10. Qf4 Qc5 11. e5 Nd5 12. Bxe7 Qxe7 13. Nxd5 Bxd5 14. Bd3 O-O
15. O-O-O f6 16. Be4 fxe5 17. Qxe5 d6 18. Qh5 Bxe4 19. fxe4 Ra7 20. Rhf1 Re8
21. e5 d5 22. Qf3 Rc7 23. Qd3 Qg5+ 24. Rd2 Qxe5 25. h3 Nc6 26. Nf3 Qf4 27. Kb1
Qc4 28. g3 Qxd3 29. Rxd3 Rf8 30. Re1 Rf6 31. Ne5 Nxe5 32. Rxe5 Kf7 33. Rg5 Rf2
34. Rg4 Rcxc2 0-1

[Event "Julian Mazur Memorial"]
[Site "Wellington Chess Club"]
[Date "2018.08.16"]
[Round "5.15"]
[White "Frater, Dylan"]
[Black "Stannard, Bobby"]
[Result "0-1"]
[WhiteElo "1509"]
[BlackElo "1298"]

1. d4 d5 2. c4 e6 3. Nc3 Nf6 4. Nf3 c5 5. Bf4 Nc6 6. e3 Qb6 7. Rb1 Be7 8. a3
O-O 9. Bd3 g6 10. O-O cxd4 11. Na4 Qa5 12. b4 Qd8 13. exd4 b6 14. Nc3 Bd6 15.
Bg5 Be7 16. b5 Na5 17. Bxf6 Bxf6 18. Re1 Nxc4 19. Bxc4 dxc4 20. Ne2 a6 21. a4
axb5 22. axb5 Bb7 23. Nc3 Bxf3 24. Qxf3 Bxd4 25. Rbd1 e5 26. Rxe5 Qc7 27. Re4
Bxc3 28. Qxc3 Ra4 29. Rdd4 Rfa8 30. g3 Qc5 31. Rxc4 Rxc4 32. Rxc4 Qxb5 33. Qd3
Qa5 34. Rc7 Rb8 35. Qd7 Qe1+ 36. Kg2 Qe6 37. Qd3 b5 38. Rc3 b4 39. Rb3 Qc6+ 40.
Qf3 Qxf3+ 41. Kxf3 f5 42. Ke3 Kf7 43. Kd4 Kf6 44. Kc4 Kg5 45. Rxb4 Rxb4+ 46.
Kxb4 Kg4 47. Kc5 Kf3 48. Kd6 Kxf2 49. Ke6 Kg2 50. Kf6 Kxh2 0-1

[Event "Julian Mazur Memorial"]
[Site "Wellington Chess Club"]
[Date "2018.08.16"]
[Round "5.16"]
[White "Stannard, Lars"]
[Black "Rabina, Romeo"]
[Result "0-1"]
[WhiteElo "1409"]
[BlackElo "1695"]

1. e4 b6 2. d4 Bb7 3. Nc3 e6 4. Nf3 Bb4 5. Bd3 Qc8 6. Bd2 Nf6 7. e5 Nd5 8. O-O
Nxc3 9. bxc3 Be7 10. Bg5 Bxf3 11. Qxf3 Nc6 12. Be3 Na5 13. Qg3 g6 14. Bh6 d5
15. Bg7 Rg8 16. Bf6 Bxf6 17. exf6 Nc4 18. Bxc4 dxc4 19. Qe5 Qd7 20. d5 Qxd5 21.
Qxc7 Qc5 22. Qb7 Rc8 23. Qxa7 b5 24. Qb7 Rc7 25. Qa8+ Rc8 26. Qb7 Rc7 27. Qf3
Qc6 28. Qe3 g5 29. Rfd1 Qc5 30. Qe4 Rg6 31. a4 Rxf6 32. Rd2 Rd7 33. Rad1 Qxf2+
34. Kh1 Qf1+ 0-1

[Event "Julian Mazur Memorial"]
[Site "Wellington Chess Club"]
[Date "2018.08.16"]
[Round "5.17"]
[White "Stracy, Don"]
[Black "Kibblewhite, Daniel"]
[Result "1/2-1/2"]
[WhiteElo "1649"]
[BlackElo "1468"]

1. e4 e6 2. d4 d5 3. Nd2 Nf6 4. e5 Nfd7 5. f4 c5 6. c3 Nc6 7. Ndf3 Be7 8. Bd3
f6 9. Ne2 c4 10. Bb1 b5 11. Bd2 a5 12. O-O b4 13. Bc2 Nb6 14. Ng3 f5 15. b3
bxc3 16. Bxc3 g6 17. Ne2 Bd7 18. Nd2 Nb4 19. bxc4 Nxc2 20. Qxc2 Nxc4 21. Nxc4
dxc4 22. Rab1 Qc7 23. Rfc1 Kf7 24. Bb2 Rhc8 25. Kh1 Rab8 26. Nc3 Bc6 27. Qd2
Bb4 28. a3 Bxc3 29. Bxc3 a4 30. h3 Rb3 31. Ra1 Be4 32. Kh2 Rcb8 33. Bb4 Rd3 34.
Qf2 Qc6 35. Bc5 Bd5 36. Rab1 Rdb3 37. Bb4 Rxb1 38. Rxb1 Rb7 1/2-1/2

[Event "Julian Mazur Memorial"]
[Site "Wellington Chess Club"]
[Date "2018.08.23"]
[Round "6.1"]
[White "Croad, Nicolas"]
[Black "Stone, Andrew"]
[Result "1-0"]
[WhiteElo "2431"]
[BlackElo "2087"]

1. d4 Nf6 2. c4 e6 3. Nf3 b6 4. g3 Bb7 5. Bg2 d5 6. cxd5 exd5 7. Nc3 Be7 8. Ne5
O-O 9. O-O Nbd7 10. Qa4 Nxe5 11. dxe5 Nd7 12. Nxd5 Nc5 13. Qd4 Ne6 14. Qc4 c6
15. Nxe7+ Qxe7 16. Be3 c5 17. Rad1 Bxg2 18. Kxg2 b5 19. Qg4 f5 20. exf6 Rxf6
21. Kg1 Raf8 22. Rd5 Rg6 23. Qe4 Qb7 24. Re5 Qf7 25. Bxc5 Nxc5 26. Rxc5 Qxa2
27. Rxb5 Re6 28. Qd3 Qa4 29. e3 1-0

[Event "Julian Mazur Memorial"]
[Site "Wellington Chess Club"]
[Date "2018.08.23"]
[Round "6.2"]
[White "Ker, Anthony"]
[Black "Dive, Russell"]
[Result "0-1"]
[WhiteElo "2485"]
[BlackElo "2425"]

1. e4 c6 2. c4 d5 3. exd5 cxd5 4. cxd5 Nf6 5. Nc3 Nxd5 6. Nf3 e6 7. d4 Be7 8.
Bd3 O-O 9. O-O Nd7 10. Nxd5 exd5 11. Bf4 Nf6 12. Rc1 Bd6 13. Ne5 Qb6 14. Bg5
Be7 15. Bb1 Be6 16. Rc3 Rfe8 17. Rb3 Qc7 18. Re1 a5 19. Qd3 Ne4 20. Rc1 Qd8 21.
Be3 Bf5 22. g4 Bg6 23. Nxg6 hxg6 24. Rxb7 Bd6 25. Qf1 Rb8 26. Rxb8 Qxb8 27. Qg2
Qxb2 28. f3 Qa3 29. Re1 Qb4 30. Bf2 Nf6 31. Rxe8+ Nxe8 32. Qf1 Nc7 33. Qe1 Qb2
34. a4 Bb4 35. Qd1 Ne6 36. Be3 Bc3 37. Qc2 Qb4 38. Ba2 Bxd4 39. Bf2 Qe1+ 40.
Kg2 Nf4+ 41. Kg3 Ne2+ 0-1

[Event "Julian Mazur Memorial"]
[Site "Wellington Chess Club"]
[Date "2018.08.23"]
[Round "6.3"]
[White "Benitez, Edgar"]
[Black "Nijman, Brian"]
[Result "1/2-1/2"]
[WhiteElo "2006"]
[BlackElo "2162"]

1. b3 Nf6 2. Bb2 g6 3. e3 Bg7 4. Nf3 d6 5. d4 c5 6. Bb5+ Nbd7 7. O-O a6 8.
Bxd7+ Nxd7 9. Nbd2 O-O 10. Rb1 b5 11. c4 b4 12. Re1 a5 13. Qc2 a4 14. dxc5 Bxb2
15. Qxb2 Nxc5 16. Qd4 axb3 17. Nxb3 Rxa2 18. Nxc5 e5 19. Qd5 dxc5 20. Qxc5 Bb7
21. e4 Qa8 22. Rxb4 Bxe4 23. Qxe5 Re8 24. Qc3 Rc2 25. Qa1 Qxa1 26. Rxa1 Bxf3
27. gxf3 Ree2 28. Rf1 Kg7 29. Kg2 h5 30. h3 Kf6 31. h4 Red2 32. Kg3 Rd4 33.
Rfb1 Rc3 34. R1b3 Rg4+ 35. Kh3 Rgxc4 36. Rxc3 Rxc3 37. Kg3 Rc5 38. Rf4+ Rf5 39.
Rb4 g5 40. Rb6+ Kg7 41. hxg5 Rxg5+ 42. Kh4 f6 43. Rb7+ Kg6 44. Rb8 Kf5 45. Rb5+
Kg6 46. Rb8 Rf5 47. Rb3 Rf4+ 48. Kg3 Kg5 49. Rb5+ f5 50. Rb8 h4+ 51. Kg2 Ra4
52. Rg8+ Kf4 53. Rh8 Ke5 54. Re8+ Kf4 1/2-1/2

[Event "Julian Mazur Memorial"]
[Site "Wellington Chess Club"]
[Date "2018.08.23"]
[Round "6.4"]
[White "He, Paul"]
[Black "Winter, Ryan"]
[Result "0-1"]
[WhiteElo "1507"]
[BlackElo "2129"]

1. Nf3 d5 2. c4 c6 3. d4 Nf6 4. Nc3 e6 5. Bg5 Nbd7 6. cxd5 exd5 7. Qb3 Be7 8.
e3 O-O 9. Bd3 Re8 10. O-O Ne4 11. Bf4 Ndf6 12. Rad1 Bd6 13. Bxd6 Qxd6 14. Ne5
Qe7 15. Nxe4 Nxe4 16. f4 Nd6 17. Rfe1 Be6 18. Qc2 g6 19. Rc1 f6 20. Nf3 Qd7 21.
Bxg6 hxg6 22. Qxg6+ Qg7 23. Qxg7+ Kxg7 24. Nd2 Bf5 25. Kf2 Rh8 26. h3 Kf7 27.
Rh1 Rae8 28. g4 Be4 29. Rh2 Reg8 30. Nxe4 Nxe4+ 31. Kf3 Rh4 32. Rch1 Ke7 33.
Kg2 Kd6 34. Rc1 b6 35. b4 a5 36. a3 axb4 37. axb4 Ra8 38. Rb1 Ra2+ 39. Kg1 Ra3
40. g5 fxg5 41. fxg5 Rxe3 42. g6 Rg3+ 43. Rg2 Rhxh3 44. Rb2 Rxg2+ 45. Rxg2 Rh8
46. g7 Rg8 47. Rg6+ Kd7 48. Kg2 Nd6 49. Rg5 b5 50. Kf3 Ne8 0-1